Statistiques concernant Macron, Macaron ou les deux?

Cliquez ici pour prendre le quiz!

Statistiques générales

  • Ce quiz a été pris 37 221 fois
  • Le résultat moyen est 10 sur 15

Statistiques - réponses

QuestionRéponse% Correct
Existe en plusieurs tailles et couleurs
98%
Se trouve dans les quartiers chics de Paris
93%
Est une douceur qui émerveille ceux qui ont besoin de réconfort
93%
Est associé au mot "explosion" dans un meme internet
86%
Laisse un goût d'amande dans la bouche
85%
A déjà serré la main de Donald Trump
81%
Représente la France à l'étranger
79%
Est au centre d'une vidéo de McFly et Carlito
79%
Est en moyenne le plus recherché sur Google
79%
A pour parent un certain Ernest Ladurée
75%
A des origines italiennes
55%
Est apprécié d'au moins 35% des Français
54%
Contient du sucre
43%
Est une spécialité de la ville d'Amiens
25%
Son nom a dérivé en un verbe
24%

Distribution des résultats

Percentile par nombre de réponses

% des personnes avec chaque résultat

Votre développement - résultats

Vous n’avez pas pris ce quiz